Scientific Names of Bears - Statistics

General Stats
  • This quiz has been taken 23 times
    17 since last reset
  • The average score is 6 of 8
Answer Stats
Hint Answer % Correct
Ursus Americanus Black
100%
Ursus Arctos Brown
100%
Ursus Maritimus Polar
100%
Ailuropoda Melanoleuca Panda
92%
Ursus Malayanus Sun
77%
Melursus Ursinus Sloth
54%
Tremarctos Ornatus Spectacled/Andean
46%
Ursus Thibetinus Moon/Asiatic Black
23%
No matching quizzes found
Score Distribution
Percent of People with Each Score
Percentile by Number Answered
Your Score History
You have not taken this quiz since the last reset